Fairies : (Record no. 5210)

MARC details
000 -LEADER
fixed length control field 00595cam a2200193 4500
001 - CONTROL NUMBER
control field 6167
005 - DATE AND TIME OF LATEST TRANSACTION
control field 20181127181059.0
008 - FIXED-LENGTH DATA ELEMENTS--GENERAL INFORMATION
fixed length control field 970516s1997 nyua b 001 0 eng
010 ## - LIBRARY OF CONGRESS CONTROL NUMBER
LC control number 97021456
020 ## - INTERNATIONAL STANDARD BOOK NUMBER
International Standard Book Number 0440226120
100 1# - MAIN ENTRY--PERSONAL NAME
Personal name Bord, Janet,
Dates associated with a name 1945-
245 10 - TITLE STATEMENT
Title Fairies :
Remainder of title real encounters with little people /
Statement of responsibility, etc. Janet Bord.
250 ## - EDITION STATEMENT
Edition statement 1st Carroll & Graf ed.
260 ## - PUBLICATION, DISTRIBUTION, ETC.
Place of publication, distribution, etc. New York :
Name of publisher, distributor, etc. Carroll & Graf,
Date of publication, distribution, etc. 1997.
300 ## - PHYSICAL DESCRIPTION
Extent 182 p. :
Other physical details ill. ;
Dimensions 24 cm.
504 ## - BIBLIOGRAPHY, ETC. NOTE
Bibliography, etc. note Includes bibliographical references (p. [163]-164) and index.
650 #0 - SUBJECT ADDED ENTRY--TOPICAL TERM
Topical term or geographic name entry element Fairies.
Holdings
Withdrawn status Lost status Source of classification or shelving scheme Damaged status Not for loan Collection code Home library Current library Shelving location Serial Enumeration / chronology Inventory number Total Checkouts Full call number Barcode Date last seen Price effective from Koha item type
    Dewey Decimal Classification     Main TEST RTC Library RTC Library Main opac 9839   398.21 BOR 30009987 27/11/2018 27/11/2018 Main
Royal Thimphu College || All Right Reserved